| Tag |
First Indicator |
Second Indicator |
Subfields |
| LEADER |
00000cam a2200000 4500 |
| 001 |
in00001160921 |
| 005 |
20151001062900.0 |
| 008 |
830628s1919 enkcf 000 0 eng |
| 010 |
|
|
|a 19005123
|
| 035 |
|
|
|a (OCoLC)09652166
|
| 035 |
|
|
|9 AGD7045AM
|
| 040 |
|
|
|a DLC
|c SUC
|d SUC
|d OCL
|d TXA
|d UtOrBLW
|
| 049 |
|
|
|a TXAS [mil]
|
| 090 |
|
|
|a D581
|b .A8 1919
|
| 100 |
1 |
|
|a Auten, Harold,
|d 1891-
|
| 245 |
1 |
0 |
|a "Q" boat adventures :
|b the exploits of the famous mystery ships /
|c by a "Q" boat commander, Lt. Commander Harold Auten with 16 illustrations.
|
| 250 |
|
|
|a 1st ed.
|
| 264 |
|
1 |
|a London :
|b H. Jenkins,
|c 1919.
|
| 300 |
|
|
|a 289 pages :
|b frontispiece, plates, portrait ;
|c 20 cm.
|
| 336 |
|
|
|a text
|b txt
|2 rdacontent
|
| 337 |
|
|
|a unmediated
|b n
|2 rdamedia
|
| 338 |
|
|
|a volume
|b nc
|2 rdacarrier
|
| 650 |
|
0 |
|a World War, 1914-1918
|x Naval operations.
|
| 610 |
1 |
0 |
|a Great Britain.
|b Royal Navy.
|
| 740 |
0 |
|
|a Mystery ships.
|
| 999 |
|
|
|a MARS
|
| 999 |
f |
f |
|s 42371c68-2e5c-3f8f-9b28-652d4031b29f
|i 39f5e261-d204-3826-9e4e-d785b0bcd4c0
|t 0
|
| 952 |
f |
f |
|p noncirc
|a Texas A&M University
|b College Station
|c Cushing Memorial Library & Archives
|d Cushing: Ragan Military (Does not check out)
|t 0
|e D581 .A8 1919
|h Library of Congress classification
|i unmediated -- volume
|m A14852138479
|
| 998 |
f |
f |
|a D581 .A8 1919
|t 0
|l Cushing: Ragan Military (Does not check out)
|